[Event "IIFL Wealth 4th Mumbai GM"]
[Site "Mumbai"]
[Date "2019.01.01"]
[Round "3"]
[White "Deviatkin, Andrei"]
[Black "Divya Deshmukh"]
[Result "1-0"]
[WhiteElo "2464"]
[BlackElo "2190"]
[Annotator "TA"]
[PlyCount "119"]
[EventDate "2018.12.30"]
[EventType "swiss"]
[EventCountry "IND"]
[SourceTitle "playchess.com"]
[Source "ChessBase"]
[SourceQuality "1"]

{[%evp 9,119,0,29,5,14,0,-5,0,2,-14,-16,-19,48,58,40,53,59,41,48,33,32,37,41,44,43,39,39,37,67,67,68,47,48,27,57,57,99,107,106,95,94,98,97,97,131,108,158,145,199,193,209,94,94,91,94,91,92,88,87,86,116,107,109,76,67,68,124,122,162,62,52,66,147,144,189,188,346,346,341,345,342,234,354,345,495,484,549,529,584,582,721,713,866,757,726,718,1466,1441,1342,1240,1475,1531,1388,1454,1541,1535,1771,1749,2226,2195,2378,2092]} 1. e4 {[%cal Be2e4,Be4e5][%mdl 32]} c5 2. c3 Nf6 3. e5 Nd5 4. d4 cxd4 5. Qxd4 Nb6 {LiveBook: 3 Games} (5... e6 6. Bc4 Nc6 7. Qe4 d6 8. exd6 Nf6 9. Qe2 Bxd6 10. Nf3 O-O 11. O-O Qc7 12. h3 b6 13. Bg5 Bb7 14. Nbd2 Ne5 15. Nxe5 Bxe5 {½-½ (50) Chekhov,S (2463)-Kobalia,M (2620) Sochi 2018}) 6. Bf4 {B22: Sicilian: 2 c3} Nc6 7. Qe4 e6 8. Nf3 {The position is equal.} d5 9. Qc2 $146 ({Predecessor:} 9. exd6 Bxd6 10. Bxd6 Qxd6 11. Nbd2 O-O 12. Nc4 Qc7 13. Be2 {0-1 (24) Merwin,S (2077)-Simutowe,A (2468) Reno 2005}) 9... Qc7 10. Bd3 g6 (10... Nd7 $11) 11. O-O $14 Bg7 12. Re1 O-O 13. Na3 {[%cal Bb1a3,Ba3c2,Bc2d4][%mdl 32]} a6 14. Qd2 Nd7 {[%cal Rd7e5]} 15. Qe2 b5 16. Nc2 Nc5 17. Ncd4 Nxd3 18. Qxd3 Na5 19. h4 h5 20. b3 Bd7 21. Qd2 Rfc8 22. Bh6 Nb7 23. Bxg7 Kxg7 24. Rac1 $36 {[%mdl 2048] White has strong initiative.} Nc5 25. Ng5 (25. Qf4 Nd3 $17) 25... Qd8 26. Re3 Qe7 27. Rce1 Be8 28. Rf3 Ra7 (28... Rab8 $16 29. Kf1 Kg8) 29. Qf4 $18 Rac7 30. Ree3 ({Not} 30. b4 Ne4 $11) (30. g4 $1 $18 {and the rest is easy.}) 30... Ne4 $16 31. Nxe4 dxe4 32. Qxe4 Bc6 33. Nxc6 Rxc6 34. Rd3 R8c7 35. g3 Rc5 36. Kg2 Rd7 37. Qf4 Rdc7 ({Better is} 37... Rcd5 $14 38. Rxd5 Rxd5) 38. Rd6 R7c6 39. Qf6+ ({White should try} 39. Rfd3 $18 {Strongly threatening Rd7.} Rc7 40. Qe3 (40. Rxa6 Rxc3 41. Rd2 Rc2 $16)) 39... Qxf6 $14 40. exf6+ {[%mdl 4096] Endgame KRR-KRR} Kh7 ({Black should play} 40... Kh6 $1 $14 41. Rd7 Rc7) 41. Rd7 $16 Rc7 42. Rfd3 Kh6 $2 {[#]} (42... e5 43. Re7 g5 44. hxg5 Kg6) 43. Rxc7 $1 $18 Rxc7 {[#] KR-KR} 44. f4 $1 Kh7 45. b4 a5 (45... e5 $142 46. fxe5 g5 47. hxg5 Kg6) 46. a3 ({Weaker is} 46. bxa5 Ra7 $18) 46... a4 (46... axb4 $142 47. cxb4 Rc2+ 48. Kf3 Rc1) 47. Kf3 {White is clearly winning.} Kg8 48. Ke3 Rc8 49. Kd2 Kf8 50. Rd4 Ke8 {[#]} 51. c4 $1 {[%mdl 512]} bxc4 52. Kc3 Ra8 53. b5 Rc8 54. Rxc4 Rb8 55. Kb4 Kd7 56. Kxa4 Kd6 57. Kb4 Kd5 58. a4 {[%cal Ba3a4,Ba4a5,Ba5a6][%mdl 32]} Ra8 59. a5 Kd6 60. a6 {Accuracy: White = 71%, Black = 41%.} 1-0

[Event "IIFL Wealth 4th Mumbai GM"]
[Site "Mumbai"]
[Date "2019.01.01"]
[Round "3"]
[White "Khusenkhojaev, Muhammad"]
[Black "Tran, Minh Thang"]
[Result "1/2-1/2"]
[WhiteElo "2455"]
[BlackElo "2342"]
[Annotator "TA"]
[PlyCount "40"]
[EventDate "2018.12.30"]
[EventType "swiss"]
[EventCountry "IND"]
[SourceTitle "playchess.com"]
[Source "ChessBase"]
[SourceQuality "1"]

{[%evp 20,40,23,21,36,7,6,0,14,34,34,0,0,-11,4,-59,0,-25,23,-58,0,-19,0]} 1. Nf3 b6 2. g3 Bb7 3. Bg2 Nf6 4. O-O e6 5. c4 Be7 6. Nc3 O-O 7. Re1 d5 8. cxd5 exd5 9. d4 c5 10. Bf4 Nc6 11. Rc1 {LiveBook: 10 Games. E17: Queen's Indian: 4 g3 Bb7 5 Bg2 Be7} cxd4 12. Nb5 Ne4 $146 ({Predecessor:} 12... Bb4 13. Rf1 Bc5 14. a3 a5 15. Nbxd4 Nxd4 16. Nxd4 Re8 17. Rc2 Ne4 18. Nb3 Qe7 {1-0 (29) Chuchelov,V (2545)-Vujovic,M (2270) Fourmies 1998}) 13. Nbxd4 Nxd4 14. Nxd4 Bc5 15. Be3 Qf6 16. Rf1 Rfe8 17. Re1 (17. a3 $11) 17... Rf8 (17... h5 $15) 18. Rf1 Rfe8 19. Re1 (19. a3 $11) 19... Rf8 20. Rf1 Rfe8 {Accuracy: White = 26%, Black = 30%.} 1/2-1/2

[Event "IIFL Wealth 4th Mumbai GM"]
[Site "Mumbai"]
[Date "2019.01.01"]
[Round "3"]
[White "Shyaamnikhil P"]
[Black "Aditya Mittal"]
[Result "1/2-1/2"]
[WhiteElo "2448"]
[BlackElo "2251"]
[Annotator "TA"]
[PlyCount "123"]
[EventDate "2018.12.30"]
[EventType "swiss"]
[EventCountry "IND"]
[SourceTitle "playchess.com"]
[Source "ChessBase"]
[SourceQuality "1"]

{[%evp 16,123,19,-13,-9,-16,-12,-17,-10,-23,-23,-28,2,-9,40,8,33,32,33,26,79,58,75,43,91,57,62,62,66,63,96,50,47,50,50,22,25,25,25,24,19,15,26,21,89,29,89,89,95,68,68,68,69,74,83,45,139,68,70,69,100,105,181,169,249,172,244,223,248,102,166,131,108,115,194,172,190,156,185,181,177,153,139,36,33,8,8,0,0,0,11,0,0,0,0,0,8,0,0,0,0,0,0,0,0,0,0,0,0,0]} 1. e4 c5 2. Nc3 d6 3. f4 Nc6 4. Nf3 g6 5. g3 Bg7 6. Bg2 e6 7. O-O Nge7 8. d3 Nd4 9. Ne2 {LiveBook: 4 Games. B25: Closed Sicilian: 3 g3, lines without early Be3} (9. Be3 O-O 10. e5 Nef5 11. Bf2 Nxf3+ 12. Qxf3 Nd4 13. Qd1 dxe5 14. fxe5 Bxe5 15. Ne4 f5 16. Nxc5 Qc7 17. b4 f4 18. c3 Nf5 19. g4 f3 20. Bxf3 Bxh2+ 21. Kg2 Ng7 22. Qe2 Rb8 23. Bd4 b6 24. Ne4 Be5 25. Bxe5 Qxe5 {0-1 (44) Karlsson,T (2264)-Ahlander,B (2411) Sweden 2015}) 9... Nxf3+ 10. Bxf3 b6 11. c3 Bb7 12. Be3 O-O 13. g4 $146 ({Predecessor:} 13. Qd2 Qd7 14. d4 c4 15. g4 f5 16. Ng3 d5 17. e5 a5 18. gxf5 Nxf5 19. Nxf5 Rxf5 {1-0 (71) Dang,A (1495)-Chen,M Batumi 2016}) 13... d5 14. e5 f5 15. h3 {[%cal Bh2h3,Bh3h4][%mdl 32]} Qc7 16. d4 Ba6 17. Rf2 Bxe2 (17... Rac8 $11) 18. Bxe2 c4 19. Bd2 Rf7 20. h4 fxg4 21. Bxg4 Nf5 22. h5 Bf8 23. Qf3 gxh5 24. Bxh5 Rg7+ 25. Kh2 Qe7 {[#] ( -> ...Qh4+)} 26. Qh3 Qh4 $1 {[%cal Rh4f2]} 27. Qxh4 Nxh4 28. Rg1 (28. Kh3 {looks sharper.} Be7 29. Bg4 Rg6 30. f5 Nxf5 31. Bxf5 exf5 32. Rxf5 Rf8 33. Rxf8+ Kxf8 34. b3) 28... Rxg1 29. Kxg1 Nf5 (29... Be7 $1 $11) 30. Bg4 ({White should try} 30. Rg2+ $16 Bg7 31. Kf2) 30... Bg7 (30... Be7 $11) 31. Rh2 $16 Rf8 32. a4 Rf7 33. Kf2 Bf8 34. Kf3 Be7 35. Be1 Bf8 (35... Kg7 $14) 36. b3 (36. Bh4 $16) 36... cxb3 $14 {Threatens to win with ...Ba3.} 37. Rb2 Bh6 38. Bd2 Ng7 (38... Kg7 $16 {was called for.}) 39. Rxb3 $18 Bg5 (39... Nf5 $142 40. a5 bxa5) 40. Rb1 Bd8 (40... h5 $142) 41. Rh1 h5 42. Bh3 (42. Bxh5 $18 {and the rest is easy.} Nxh5 43. Rxh5) 42... Kf8 (42... Nf5 $16 {might work better.}) 43. Rg1 Nf5 44. Bxf5 Rxf5 $16 {[%mdl 4096] Endgame KRB-KRB} (44... exf5 $16 {is a better defense.} 45. Rg6 Rh7) 45. Rg6 $18 Kf7 46. Rh6 Be7 47. Rh7+ Ke8 48. c4 dxc4 {[#]} 49. Ke4 (49. Rh8+ $1 $16 Rf8 50. Rxh5) 49... h4 $14 50. d5 {[%mdl 1024] White has compensation.} Rf7 {The position is equal.} 51. Rh8+ Rf8 52. Rh7 Rf7 53. Rh8+ Rf8 54. Rh6 exd5+ 55. Kxd5 c3 $132 {[%mdl 2048] Black has counterplay} 56. Bc1 {Ke6 is the strong threat.} Kf7 {And now ...Rd8+ would win.} 57. Rh7+ Kg8 58. Rxe7 h3 {Strongly threatening ...h2.} 59. Re6 {Black must now prevent Rg6+.} Rf7 60. Rg6+ Rg7 61. Rh6 Rh7 62. Rg6+ {Accuracy: White = 47%, Black = 47%.} 1/2-1/2

[Event "IIFL Wealth 4th Mumbai GM"]
[Site "Mumbai"]
[Date "2019.01.01"]
[Round "3"]
[White "Akash G"]
[Black "Subhayan Kundu"]
[Result "0-1"]
[WhiteElo "2443"]
[BlackElo "2185"]
[Annotator "TA"]
[PlyCount "98"]
[EventDate "2018.12.30"]
[EventType "swiss"]
[EventCountry "IND"]
[SourceTitle "playchess.com"]
[Source "ChessBase"]
[SourceQuality "1"]

{[%evp 20,98,0,-1,16,16,25,25,23,8,11,16,20,-27,24,-46,31,15,28,11,21,23,32,32,41,-30,-38,-35,-39,-72,-62,-60,-66,-69,-25,-21,-29,-75,0,0,0,-43,-33,-44,-49,-83,0,-14,-16,-16,-16,-36,-20,-38,-13,-15,-16,-79,-41,-37,-77,-113,-31,-87,-55,-93,-13,-104,-104,-118,-108,-123,-123,-155,-150,-229,-189,-29996,-71,-29997,-29998]} 1. e4 e6 2. d4 d5 3. Nc3 Nf6 4. e5 Nfd7 5. f4 c5 6. Nf3 Nc6 7. Be3 Be7 8. Qd2 O-O 9. Be2 {C11: French: Classical System: 4 e5 and 4 Bg5 dxe4} a6 10. O-O b5 11. Nd1 {LiveBook: 79 Games. The position is equal.} (11. a3 Bb7 12. Nd1 f6 13. c3 Rc8 14. Bd3 Na5 15. Qe2 fxe5 16. fxe5 cxd4 17. cxd4 {1-0 (38) Grischuk,A (2761)-Caruana,F (2808) Paris 2017}) 11... f5 12. exf6 Nxf6 13. c3 {[#]} Ne4 $146 ({Predecessor:} 13... b4 14. Kh1 a5 15. dxc5 Ne4 16. Qc2 bxc3 17. Nxc3 {0-1 (40) Malyshev,S (2311)-Kotsur,P (2562) Tomsk 2011}) 14. Qc2 c4 15. Nf2 Nxf2 16. Bxf2 (16. Rxf2 {keeps more tension.} Bd7 17. Bd1 b4 18. Ng5 Bxg5 19. fxg5 e5 20. dxe5 Nxe5 21. Rxf8+ Qxf8 22. Qd2) 16... Bd7 (16... Rxf4 $142 17. Rae1 Rf5) 17. Bd1 (17. Qd2 $11) 17... b4 (17... Rxf4 $15 18. Bg3 Rf7) 18. Qd2 Qc7 19. g3 Rab8 20. Bc2 bxc3 21. bxc3 Kh8 22. Ng5 ({White should try} 22. Rab1 $14) 22... Bxg5 $1 $11 23. fxg5 e5 $1 24. Qe2 {And now Qh5 would win.} e4 $1 25. Be3 Qa5 26. Bd2 Bh3 27. Qh5 Bf5 $1 (27... Bxf1 $2 28. g6 $19) (27... Rxf1+ 28. Rxf1 Bxf1 29. g6 $18) 28. Qe2 Bh3 (28... Qa3 $17 29. Rab1 Bh3 30. Rxb8 Rxb8) 29. Qh5 $1 {Intending g6 and mate.} Bf5 $1 (29... Bxf1 $2 30. g6 $19) (29... Rxf1+ 30. Rxf1 Bxf1 31. g6 $18) 30. Rf2 {Strongly threatening Raf1.} Bg6 31. Qe2 Rxf2 32. Qxf2 {[#]} Kg8 (32... e3 $1 $17 {[%cal Re3f2][%mdl 512]} 33. Bxe3 Qxc3 {[%mdl 64] Double Attack}) 33. Bd1 Rf8 34. Qe1 Qb6 {aiming for ...Nxd4!} 35. Be3 Bf5 $36 {[%mdl 2048] Black is pushing.} 36. Be2 {[#]} Ne5 $1 {[%mdl 512]} 37. Rb1 (37. dxe5 Qxe3+) 37... Qa7 38. Qd2 (38. Qc1 $11 Nf3+ 39. Kh1) 38... Nf3+ 39. Bxf3 $1 exf3 40. Rb4 Be4 ({Black should play} 40... Bd3 $17 41. Qf2 Qd7) 41. Bf4 (41. Qb2 $15) 41... Qd7 42. a3 Qh3 (42... Qg4 $17 43. Rb8 Rxb8 44. Bxb8 Qd7) 43. Rb8 (43. Qf2 $1 $11) 43... Rxb8 $17 44. Bxb8 Bd3 {[%csl Gd3][%cal Rh3f1]} 45. Qf2 {[#]} Be2 $1 46. g4 Kf7 47. Kh1 (47. Be5 $17 {was called for.}) 47... Ke6 48. Qg3 $2 (48. Qe3+ $19 Kf7 49. Qf2) 48... Qf1+ 49. Qg1 f2 {Accuracy: White = 39%, Black = 47%.} 0-1

[Event "IIFL Wealth 4th Mumbai GM"]
[Site "Mumbai"]
[Date "2019.01.01"]
[Round "3"]
[White "Mohammad Nubairshah Shaikh"]
[Black "Kathmale, Sameer"]
[Result "1/2-1/2"]
[WhiteElo "2437"]
[BlackElo "2312"]
[Annotator "TA"]
[PlyCount "74"]
[EventDate "2018.12.30"]
[EventType "swiss"]
[EventCountry "IND"]
[SourceTitle "playchess.com"]
[Source "ChessBase"]
[SourceQuality "1"]

{[%evp 19,74,29,97,72,95,33,87,77,63,35,47,38,58,45,111,0,10,22,22,0,0,0,0,0,0,0,2,0,0,0,0,0,0,0,0,0,0,0,0,0,0,-13,0,-83,-66,-102,-105,-139,-131,-119,-122,-127,0,-91,0,-118,0]} 1. d4 Nf6 2. c4 g6 3. Nc3 Bg7 4. e4 d6 5. Nf3 O-O 6. Be2 Na6 7. O-O e5 8. Be3 Ng4 9. Bg5 {[%cal Be3g5,Bg5h4,Bh4g3][%mdl 32]} f6 10. Bh4 h5 {LiveBook: 10 Games. E94: King's Indian: Classical: 6 Be2 e5 7 0-0: Various Black 7th moves} (10... Nh6 $11) (10... c6 11. c5 exd4 12. Nxd4 dxc5 13. Qb3+ Kh8 14. Ne6 Bxe6 15. Qxe6 Ne5 16. Bxa6 bxa6 17. Rad1 Qb6 18. f4 {½-½ (42) Bogner,S (2527)-Nisipeanu,L (2668) Ortisei 2016}) 11. Bg3 Nh6 {[#]} 12. Qd2 (12. c5 $1 $16) 12... Qe8 $146 (12... g5 $14) ({Predecessor:} 12... Nf7 13. h4 Bg4 14. Rfd1 c6 15. a3 Qe7 16. dxe5 dxe5 17. b4 Nc7 18. Ne1 {0-1 (41) Derichs,R (2270)-Balogh,T (2390) Germany 1998}) 13. c5 exd4 14. Bxa6 ({Much weaker is} 14. Qxd4 $6 Nxc5 15. Nd5 Rf7 $11) 14... dxc3 15. Bc4+ Be6 16. Qxc3 f5 {[#]} (16... dxc5 $14 17. Bxe6+ (17. Bxc7 Nf7 $14) 17... Qxe6) 17. Qb3 (17. Bxe6+ $1 $16 Qxe6 18. Ng5) 17... Bxc4 $11 18. Qxc4+ Qf7 19. Qxf7+ Rxf7 20. cxd6 cxd6 21. Bxd6 fxe4 22. Ng5 Rd7 23. Ba3 e3 24. fxe3 Ng4 25. Rad1 Rad8 26. Rxd7 Rxd7 27. Rc1 Bh6 28. h4 Bxg5 29. hxg5 {[%mdl 4096] Endgame KRB-KRN} Kf7 30. e4 Ke6 31. Kf1 (31. Bb4 $11 {remains equal.}) 31... Ke5 $17 32. Ke2 Kxe4 33. g3 Rf7 34. Rc4+ Kd5 35. Rc5+ Ke4 36. Rc4+ Kd5 37. Rc5+ $1 Ke4 {Accuracy: White = 38%, Black = 52%.} ({Black should play} 37... Ke6 $17) 1/2-1/2

[Event "IIFL Wealth 4th Mumbai GM"]
[Site "Mumbai"]
[Date "2019.01.01"]
[Round "3"]
[White "Muthaiah AL"]
[Black "Aleksandrov, Aleksej"]
[Result "1/2-1/2"]
[WhiteElo "2408"]
[BlackElo "2590"]
[Annotator "TA"]
[PlyCount "80"]
[EventDate "2018.12.30"]
[EventType "swiss"]
[EventCountry "IND"]
[SourceTitle "playchess.com"]
[Source "ChessBase"]
[SourceQuality "1"]

{[%evp 19,80,10,18,0,14,15,27,15,18,14,28,27,30,26,41,27,41,41,52,42,38,25,37,34,49,39,37,35,40,36,37,46,41,21,18,17,17,17,18,18,18,18,18,18,23,8,8,0,0,0,0,0,0,0,0,0,0,0,0,0,0,0,0]} 1. d4 Nf6 2. c4 e6 3. Nf3 d5 4. Nc3 Nbd7 5. cxd5 exd5 6. Bg5 Bb4 7. e3 c5 8. dxc5 Qa5 9. Nd2 {D38: Queen's Gambit Declined: Ragozin Defence (4 Nf3 Bb4)} (9. Rc1 Bxc3+ 10. bxc3 O-O 11. Nd4 Re8 12. Be2 Ne4 13. Bf4 Qxc5 14. O-O Nb6 15. Bd3 Nc4 16. f3 Ned6 {½-½ (53) Goganov,A (2643)-Alekseev,E (2638) Khanty-Mansiysk 2016}) 9... Bxc3 10. bxc3 O-O {LiveBook: 4 Games} 11. Be2 h6 $146 ({Predecessor:} 11... Ne4 12. Nxe4 dxe4 13. Qd4 Nxc5 14. Qb4 Qc7 15. Bf4 Qc6 16. O-O b6 {0-1 (38) Ladva,O (2440)-Stupak,K (2535) Jurmala 2016}) 12. Bf4 Nxc5 13. Be5 Qd8 14. O-O Re8 15. Bd4 b6 16. a4 Bf5 17. a5 Rc8 18. axb6 axb6 19. Bb5 Re6 20. Ra7 Bd3 21. Bxd3 Nxd3 22. Qb1 Nc5 23. Qf5 Qe8 24. Rfa1 {[%cal Bf1a1,Ba1a5,Ba5b5][%mdl 32]} b5 25. R1a5 Na4 26. Qd3 (26. Nb1 {with more complications.} Nb2 27. Ra1 b4 28. h3 Ne4 29. Qg4) 26... Ne4 {[%cal Ra4c3]} 27. Nxe4 dxe4 28. Qxb5 Qxb5 29. Rxb5 Nxc3 30. Bxc3 Rxc3 $11 {[%cal Rc3c1][%mdl 4096] [#] Endgame KRR-KRR} 31. g3 {Threatens to win with Rb8+.} g6 32. Rb2 h5 {The position is equal.} 33. h4 Rc4 34. Kg2 Kg7 35. Rba2 Rec6 36. R7a4 Rxa4 37. Rxa4 f5 38. Ra7+ Kf6 39. Rb7 Rd6 40. Ra7 Rc6 {Accuracy: White = 78%, Black = 64%.} 1/2-1/2

[Event "IIFL Wealth 4th Mumbai GM"]
[Site "Mumbai"]
[Date "2019.01.01"]
[Round "3"]
[White "Sardana, Rishi"]
[Black "Konguvel, Ponnuswamy"]
[Result "1-0"]
[WhiteElo "2398"]
[BlackElo "2282"]
[Annotator "TA"]
[PlyCount "71"]
[EventDate "2018.12.30"]
[EventType "swiss"]
[EventCountry "IND"]
[SourceTitle "playchess.com"]
[Source "ChessBase"]
[SourceQuality "1"]

{[%evp 15,71,29,27,15,30,17,12,27,33,10,48,54,76,71,68,70,69,74,66,81,91,68,106,95,91,0,124,91,94,50,147,135,145,131,139,135,185,185,209,184,539,577,582,582,581,579,558,575,574,575,571,570,559,564,562,560,529,523]} 1. e4 c5 2. Nf3 Nc6 3. Bb5 g6 4. O-O Bg7 5. Re1 Nf6 6. c3 O-O 7. h3 d6 {[%cal Bd7d6,Bd6d5][%mdl 32]} 8. d4 {B31: Sicilian: 2...Nc6 3 Bb5 g6} (8. d3 Bd7 9. Ba4 Rb8 10. Nbd2 b5 11. Bb3 e5 12. Nf1 Na5 13. Bc2 Re8 14. Bg5 h6 15. Bh4 g5 {1-0 (48) Artemiev,V (2706)-Alekseenko,K (2639) Sochi 2018}) 8... Bd7 {LiveBook: 20 Games} 9. Ba4 cxd4 10. cxd4 {White has an edge.} d5 11. e5 Ne4 12. Bb3 e6 13. Nc3 $146 ({Predecessor:} 13. Nbd2 Nxd2 14. Bxd2 Qb6 15. Rb1 Nxd4 16. Be3 Nxf3+ 17. Qxf3 d4 18. Bxd4 Qxd4 19. Rbd1 Qb4 {0-1 (19) Schulz,J-Castagnetta,G (2295) Roncegno 1988}) 13... Nxc3 14. bxc3 Rc8 15. Bg5 $36 {[%mdl 2048] White fights for an advantage.} f6 16. exf6 Bxf6 17. Bxf6 Qxf6 18. Qd2 Kg7 19. Ba4 Nb8 20. Bb3 (20. Bc2 {seems wilder.} Nc6 21. Re3 Rf7 22. Rae1 Rcf8 23. R3e2) 20... Nc6 $1 21. Re3 Rf7 22. Ba4 Rcf8 {[#]} (22... Na5 $14 23. Bb3 (23. Bxd7 Rxd7 24. Ne5 Nc4 $14) 23... Nc6) 23. Bxc6 $1 $16 Bxc6 24. Qe2 Re7 25. Re1 Rfe8 26. Ne5 {[%cal Bf3e5,Be5g4,Bg4f6][%mdl 32]} Ba4 27. Ng4 Qf8 $2 {[#]} (27... Qg5 28. Qb2 a6) 28. Rf3 $18 {White is clearly winning.} Rf7 29. Qe5+ Kg8 30. Nf6+ Rxf6 31. Rxf6 Qg7 32. Rxe6 Qxe5 33. R1xe5 Rxe6 34. Rxe6 Kf7 35. Re5 Bc6 36. g4 {Precision: White = 71%, Black = 46%.} 1-0

[Event "IIFL Wealth 4th Mumbai GM"]
[Site "Mumbai"]
[Date "2019.01.01"]
[Round "3"]
[White "Mohammad Fahad, Rahman"]
[Black "Tran, Tuan Minh"]
[Result "1/2-1/2"]
[WhiteElo "2381"]
[BlackElo "2524"]
[Annotator "TA"]
[PlyCount "201"]
[EventDate "2018.12.30"]
[EventType "swiss"]
[EventCountry "IND"]
[SourceTitle "playchess.com"]
[Source "ChessBase"]
[SourceQuality "1"]

{[%evp 20,201,22,0,32,19,41,0,0,0,0,0,65,53,59,31,38,46,38,35,37,33,43,27,45,39,48,41,37,18,37,-22,-21,-12,-18,-43,-38,-44,-33,-44,-51,-51,-50,-50,-40,-32,0,-5,0,-6,0,0,12,10,8,14,201,8,8,9,37,21,27,26,27,27,22,27,27,14,20,8,12,8,49,49,49,49,49,49,49,49,49,49,49,49,49,49,49,48,48,48,49,48,48,48,49,48,48,48,49,48,48,48,48,48,49,48,48,48,49,48,48,48,49,49,49,49,49,49,49,49,49,49,49,49,49,49,49,49,49,49,49,49,49,49,49,49,48,8,8,8,48,8,8,8,8,8,8,8,8,8,8,8,8,8,8,8,8,0,0,0,0,0,0,0,0,0,0,0,0,0,0,0,0,0,0,0,0,0,0,0,8,8]} 1. e4 c5 2. Nf3 d6 3. d4 cxd4 4. Qxd4 a6 5. c4 Nc6 6. Qe3 g6 {B53: Sicilian: 2...d6: Lines with Qxd4} (6... Bg4 7. Nd4 g6 8. Nc3 Bg7 9. Nxc6 bxc6 10. h3 Be6 11. Be2 Nf6 12. O-O O-O 13. f4 Qa5 14. Bd2 {1-0 (50) Karjakin,S (2763)-Nepomniachtchi,I (2751) Moscow 2018}) 7. Be2 Bg7 8. O-O Nf6 9. h3 O-O 10. Nc3 Nd7 11. Rd1 {LiveBook: 44 Games} Qa5 12. Bd2 Qc5 13. Na4 $146 Qxe3 14. Bxe3 Rb8 15. Rac1 f5 (15... b6 $11) 16. exf5 gxf5 17. g3 b6 18. Nc3 Nc5 19. Nd5 {Hoping for b4.} a5 20. Nd4 (20. b3 {seems wilder.} e6 21. Nc3 Bxc3 22. Rxc3 Ne4 23. Rc2) 20... Bxd4 21. Bxd4 Nxd4 22. Rxd4 Rf7 23. Bh5 Rg7 24. Re1 Kf8 25. b4 ({White should try} 25. Nc3 $14) 25... axb4 $11 26. Nxb4 Bb7 27. Nd5 e5 28. Rdd1 f4 29. Kh2 Ra8 30. gxf4 Rxa2 31. Re2 Rxe2 32. Bxe2 exf4 33. Bh5 Rg5 34. Bf3 Nd7 35. Rd4 Ne5 36. Rxf4+ Kg7 37. Bh1 b5 $2 {[#]} (37... Ng6 $11 38. Rd4 Bxd5 39. Bxd5 Rf5) 38. Nc7 $2 (38. cxb5 $18 {Threatens to win with Nc7.} Ng6 39. Rd4) 38... Bxh1 39. Kxh1 {[%mdl 4096] Endgame KRN-KRN} Rh5 40. cxb5 Rxh3+ 41. Kg2 Rb3 42. Ne8+ Kg6 43. Nxd6 h5 44. Ra4 Nd3 45. Rd4 Kf6 {[#] aiming for ...Ke5.} 46. Nc4 {Black should prevent Nd2.} (46. Ne4+ {looks sharper.} Ke5 47. Nd2 Kxd4 48. Nxb3+ Kd5 49. f3) 46... Nxf2 47. Rd6+ Ke7 48. Kxf2 Rxb5 $14 {KRN-KR} 49. Rh6 Kf7 50. Kg3 Rg5+ 51. Kh3 Kg7 52. Rc6 Rg4 53. Ne3 Rg6 54. Nf5+ Kf7 55. Rc7+ Ke6 56. Ng7+ Ke5 57. Nxh5 Ke4 58. Ng3+ Ke5 59. Kg2 Rf6 60. Ne2 Ke4 61. Re7+ Kd5 62. Kg3 Kd6 63. Ra7 Ke5 64. Nf4 Ke4 65. Ra4+ Ke5 66. Kf3 Rb6 67. Ke3 Rb3+ 68. Nd3+ Kf5 69. Ra8 Rb6 70. Rf8+ Rf6 71. Rc8 Re6+ 72. Kf3 Ra6 73. Rc5+ Kf6 74. Nf4 Ra3+ 75. Kg4 Ra4 76. Rf5+ Ke7 77. Re5+ Kd6 78. Kf5 Ra1 79. Rd5+ Kc6 80. Rd4 Re1 81. Nd3 Rh1 {The position is equal.} 82. Ke4 Rh4+ 83. Nf4 Rh1 84. Rd8 Re1+ 85. Kd4 $1 Ra1 86. Nd3 Ra4+ 87. Kc3 Rh4 88. Ne5+ Kc5 89. Nd3+ Kc6 90. Nb4+ Kc7 91. Rd5 Kb6 92. Rd6+ Kc5 93. Rc6+ Kb5 94. Rc8 Rh3+ 95. Nd3 Rh4 96. Ne5 Rh6 97. Rb8+ Kc5 98. Nd3+ Kd5 99. Nf2 Rh4 100. Rb4 Rxb4 101. Kxb4 {Accuracy: White = 64%, Black = 61%.} 1/2-1/2

[Event "IIFL Wealth 4th Mumbai GM"]
[Site "Mumbai"]
[Date "2019.01.01"]
[Round "3"]
[White "Raghunandan, Kaumandur Srihari"]
[Black "Deshpande, Aniruddha"]
[Result "1-0"]
[WhiteElo "2378"]
[BlackElo "2167"]
[Annotator "TA"]
[PlyCount "57"]
[EventDate "2018.12.30"]
[EventType "swiss"]
[EventCountry "IND"]
[SourceTitle "playchess.com"]
[Source "ChessBase"]
[SourceQuality "1"]

{[%evp 15,57,288,287,304,320,313,318,318,314,322,315,319,292,312,433,433,445,437,397,395,430,404,455,458,412,445,440,421,508,513,501,467,475,474,464,456,508,500,572,570,759,725,1290,1248]} 1. e4 d5 2. exd5 Nf6 3. Nf3 Qxd5 4. Nc3 Qh5 5. Be2 Bg4 6. O-O Nc6 7. h3 O-O-O 8. hxg4 {B01: Scandinavian Defence} Nxg4 {LiveBook: 3 Games} 9. Ne4 Nd4 {[#] ( -> ...Nxf3+)} 10. Re1 $146 {White has a decisive advantage.} ({Predecessor:} 10. Neg5 Nxf3+ 11. Nxf3 f5 12. g3 Qh3 13. Re1 e5 14. Bf1 Qh5 15. Bg2 Bc5 {1-0 (49) Rowson,J (2400)-Vitor,A (2225) Halle 1995}) 10... e6 11. c3 f5 12. cxd4 fxe4 {[#]} 13. Nh4 $1 {[%mdl 512]} Qxh4 14. Bxg4 Bd6 15. Rxe4 Qh2+ 16. Kf1 h5 17. Bxe6+ Kb8 18. d3 Rhf8 {aiming for ...Qh1+.} 19. Be3 Bg3 20. Bh3 g5 {White is clearly winning.} 21. Ke2 Bxf2 22. Bxf2 g4 23. Qh1 Qd6 24. Bxg4 ({Not} 24. Bh4 Rde8 $18) 24... hxg4 25. Rc1 Rh8 26. Qe1 Rh2 27. Kd1 Rxg2 28. Re8 Kc8 29. Bh4 1-0